000 00730nam a2200229Ia 4500
003 OSt
005 20220923225058.0
006 a|||||r|||| 00| 0
007 ta
008 220922b |||||||| |||| 00| 0 hin d
024 _a256,605
037 _cTextual
040 _aARTS
_cARTS
_bhin
041 _2hin
_ahin
082 _aQ1:g(P), 152L2
100 _aशास्त्री, शिवनारायण
_9156299
245 0 _aवैदिक वाड मय में भाषा चिन्तन
246 _aVaidik vāḍa.maya mean bhāṣhā chintana
260 _c1972
942 _hQ1:g(P), 152L2
_cTEXL
_2CC
999 _c375892
_d375892